| 000 | 00416nam a2200145Ia 4500 | ||
|---|---|---|---|
| 008 | 151213s9999 xx 000 0 und d | ||
| 100 | _aR. M. Lumiansky | ||
| 245 |
_aThe Canterbury Tales of Geoffreychaucer _cR. M. Lumiansky |
||
| 260 |
_aNew york _bWashington Square Press _c1960 |
||
| 300 | _a11778 p. | ||
| 650 | _aEnglish Literature | ||
| 650 | _aEnglish Literature | ||
| 700 | _aR. M. Lumiansky | ||
| 999 |
_c5022 _d5022 |
||